| 000 | 00893nam a2200253 i 4500 | ||
|---|---|---|---|
| 003 | DO-SdBNP | ||
| 005 | 20240116123455.0 | ||
| 007 | ta | ||
| 008 | 240116b1917 dr ||||| |||| 00| 0 spa d | ||
| 040 |
_aDO-SdBNP _bspa _cBNPHU _erda |
||
| 082 | 4 | _222 | |
| 110 | 2 |
_aUniversidad Central de Santo Domingo _bFacultad de Farmacia Ciencia Químicas _984773 |
|
| 245 | 1 | 0 |
_aExiste algún signo para el conocimiento de la toxicidad de los hongos agaricáceos? : _btesis para el doctorado en farmacia y ciencias químicas / _cDomingo A. Rodríguez Castro |
| 264 |
_aSanto Domingo : _bEl Progreso, _c1917. |
||
| 300 |
_a23 páginas ; _c23 cm. |
||
| 336 |
_2rdacontent _atexto _btxt |
||
| 337 |
_2rdamedia _asin mediación _bn |
||
| 338 |
_2rdacarrier _avolumen _bnc |
||
| 500 | _aTesis | ||
| 504 | _aBibliografía : p. 23 | ||
| 590 | _aInventariado, 2024/BT | ||
| 910 | _aBtavárez | ||
| 942 |
_2ddc _cLF2 |
||
| 999 |
_c55690 _d55690 |
||